Tradiciones pernianas (Record no. 183660)

MARC details
000 -LEADER
campo de control de longitud fija 00408nam a22001451i 4500
001 - NÚMERO DE CONTROL
campo de control 183660
003 - IDENTIFICADOR DE NÚMERO DE CONTROL
campo de control ES-MaACL
005 - FECHA Y HORA DE LA ÚLTIMA TRANSACCIÓN
campo de control 20230906221939.0
008 - DATOS DE LONGITUD FIJA--INFORMACIÓN GENERAL
campo de control de longitud fija 140917s1908 sp |||| | spa d
245 00 - MENCIÓN DEL TÍTULO
Título Tradiciones pernianas
Resto del título : [poesías] /
Mención de responsabilidad, etc. por M. B. M.
250 ## - MENCION DE EDICION
Mención de edición 2ª ed.
260 ## - PUBLICACIÓN, DISTRIBUCIÓN, ETC.
Lugar de publicación, distribución, etc. Madrid :
Nombre del editor, distribuidor, etc. A. M. Crespo,
Fecha de publicación, distribución, etc. 1908.
300 ## - DESCRIPCIÓN FÍSICA
Extensión 101 p., 1 h. de lám. ;
Dimensiones 16 cm.
852 ## - LOCALIZACIÓN
Ubicación ES-MaACL
Número de control de estantería T-1146-F-5
Holdings
Estatus retirado Estado de pérdida Estado de daño No para préstamo Colección Biblioteca de origen Biblioteca actual Ubicación en estantería Fecha de adquisición Fuente de adquisición Total de préstamos Signatura topográfica completa Código de barras Visto por última vez Precio de reemplazo Tipo de ítem Koha
        Colección de folletos Biblioteca del Ateneo de Madrid Biblioteca del Ateneo de Madrid Depósito folletos 17/09/2014     T-1146-F-5 1193080 23/02/2023 23/02/2023 Folleto